| 000 | 01064nam a2200277Ia 4500 | ||
|---|---|---|---|
| 003 | OSt | ||
| 005 | 20220923211210.0 | ||
| 006 | a|||||r|||| 00| 0 | ||
| 007 | ta | ||
| 008 | 220922b |||||||| |||| 00| 0 hin d | ||
| 020 |
_a9788121407977 (hbk) _c950 |
||
| 024 | _a324,718 | ||
| 037 |
_b1294, 13/03/2018, Akshar Publishers & Distributors _cTextual |
||
| 040 |
_aARTS _cARTS _bhin |
||
| 041 |
_2hin _ahin |
||
| 082 | _aO152:g, Q4 | ||
| 100 |
_aबिष्ट, शेरसिंह, ले. _9159485 |
||
| 245 | 0 | _aसाहित्य और समालोचना | |
| 246 | _aSāhitya aur samālochanā | ||
| 260 |
_aनई दिल्ली _b नेशनल पब्लिशिंग हाउस _c2014 |
||
| 300 |
_a472पृ. _ccm. |
||
| 650 |
_a हिन्दी आलोचना _9156367 |
||
| 650 |
_aहिन्दी साहित्य _9156264 |
||
| 942 |
_hO152:g, Q4 _cTEXL _2CC |
||
| 999 |
_c296705 _d296705 |
||